000 00866nam a2200229 a 4500
001 25732
003 CO-ViMGA
008 141112s2004 ck r 000 u spa d
020 _a9789588613901
040 _aCO-ViMGA
_bspa
_cCO-ViMGA
041 _aSPA
082 0 4 _a986.1 E76p
100 1 _aEspaña Arenas, Gonzalo, 1945 -
_939703
245 1 0 _aEl país que se hizo a tiros :
_bguerras civiles colombianas (1810 - 1903) /
_cGonzalo España
250 _a1a ed., 1a reimpr.
260 _aBogotá :
_bDebate,
_c2013
300 _a264 p.
500 _aIncluye bibliografía
610 _aGUERRA DE LOS MIL DIAS, 1899 - 1903
_939704
651 _aCOLOMBIA - HISTORIA MILITAR - 1810 - 1903 / COLOMBIA - HISTORIA - 1810 - 1903 / COLOMBIA - HISTORIA - GUERRAS CIVILES, 1830 - 1902 / COLOMBIA - HISTORIA - GUERRA DE INDEPENDENCIA, 1810 - 1819
_939705
942 _2ddc
_cBK
999 _c5299
_d5299